000 00434nam a2200133Ia 4500
008 100328s9999 xx 000 0 und d
082 _b39195
100 _aकोल्हटकर उल्हास
245 _aबीज अंकुरे अंकुरे
260 _bआरती
630 _aबीज अंकुरे अंकुरे
730 _aबीज अंकुरे अंकुरे
942 _cBOOK
999 _c528190
_d528187